| 000 | 00401nam a2200157Ia 4500 | ||
|---|---|---|---|
| 008 | 210210b1994 xxu||||| |||| 00| 0 eng d | ||
| 020 | _a81 7024 635 0 | ||
| 082 | _a324.2092 CHAM | ||
| 100 | _aCHAKRABARTI (Mohit). | ||
| 245 | _aMahatma Gandhi: a revaluation. | ||
| 260 |
_aND _bAshish publishing house _c1994 |
||
| 300 | _a152 | ||
| 650 | _aMahatma Gandhi | ||
| 690 | _aBiography | ||
| 906 | _a049109 | ||
| 999 |
_c98264 _d98264 |
||